Новая история стран Азии (вторая половина XIX - начало XX вв.): учебное пособие для самостоятельной работы студентов вузов

গ্রন্থ-পঞ্জীর বিবরন
অন্যান্য লেখক: Овсянников В. И. (редактор)
ভাষা:রুশ
প্রকাশিত: Москва, Социально-политический журнал, 1995
বিষয়গুলি:
বিন্যাস: গ্রন্থ
KOHA link:https://koha.lib.tpu.ru/cgi-bin/koha/opac-detail.pl?biblionumber=1938

MARC

LEADER 00000nam0a2200000 4500
001 1938
005 20231030173513.0
010 |a 5828801090 
035 |a (RuTPU)RU\TPU\book\1947 
035 |a BOOK00001949 
090 |a 1938 
100 |a 20011209d1995 m y0rusy50 ca 
101 0 |a rus 
102 |a RU 
105 |a y j 000zy 
200 1 |a Новая история стран Азии (вторая половина XIX - начало XX вв.)  |e учебное пособие для самостоятельной работы студентов вузов  |f Под ред. В. И. Овсянникова 
210 |a Москва  |c Социально-политический журнал  |d 1995 
215 |a 329 с. 
610 1 |a история 
610 1 |a Азия 
610 1 |a Япония 
610 1 |a Китай 
610 1 |a Индия 
610 1 |a 19 век 
610 1 |a 20 век 
610 1 |a учебные пособия 
686 |a Т3(5)я73  |v LBC/SL-A  |2 rubbk 
702 1 |a Овсянников  |b В. И.  |4 340 
801 0 |a RU  |b 63413507  |c 20011209  |g PSBO 
801 2 |a RU  |b 63413507  |c 20230627  |g PSBO 
900 |a История стран Азии и Африки 
942 |c BK